000 00710nam a2200217 i 4500
001 26608
003 ES-MaACL
005 20230906153455.0
007 t|
008 030109s1959 sp |||| |bspa d
080 _a929Toulouse-Lautrec, Henri
100 1 _aAuray, Henry d'.
_923926
245 1 0 _aTolouse Lautrec
_b: el enano del "Moulin Rouge" /
_cHenry d' Auray ; [versión de E. Martínez Fariñas].
260 _aBarcelona :
_bCedro,
_c[1959] (
_fProyecto)
300 _a158 p. ;
_c17 cm.
490 1 _aEl personaje y su historia ;
_v8
600 1 4 _aToulouse-Lautrec, Henri de.
_9111132
830 0 _aEl personaje y su historia ;
_v8
_9184409
852 _aES-MaACL
_jC-18088
999 _c26608
_d26608